| 000 | 00448cam a22001814a 4500 | ||
|---|---|---|---|
| 005 | 20250605164250.0 | ||
| 008 | 250528s ||||||||||||||||||||||||d | ||
| 035 | _a21690 | ||
| 040 |
_aGR-AtMCL _bgre _dGR-AtMCL _eAACR2 |
||
| 245 | 1 | _aSPECIAL ENGLISH FOR HOTEL PERSONNEL BOOK 2 | |
| 250 | _a1 | ||
| 260 |
_bMacmillan Press Ltd, _c1972 |
||
| 300 | _a136 | ||
| 700 | 1 |
_aWorsdall Vivien _97630 |
|
| 942 | _cBK | ||
| 999 |
_c6750 _d6750 |
||